Selected references on the history of English agriculture. (Record no. 9989)

MARC details
000 -LEADER
fixed length control field 00878cam a22002531 4500
001 - CONTROL NUMBER
control field agr39000751
003 - CONTROL NUMBER IDENTIFIER
control field DLC
005 - DATE AND TIME OF LATEST TRANSACTION
control field 20260227110958.0
008 - FIXED-LENGTH DATA ELEMENTS--GENERAL INFORMATION
fixed length control field 820205s1939 dcu f000 0 eng c
010 ## - LIBRARY OF CONGRESS CONTROL NUMBER
LC control number agr39000751
035 ## - SYSTEM CONTROL NUMBER
System control number (OCoLC)8129708
040 ## - CATALOGING SOURCE
Original cataloging agency U.S. Dept. of agr. Library
Transcribing agency Vi
Modifying agency Vi
-- DLC
042 ## - AUTHENTICATION CODE
Authentication code premarc
050 00 - LIBRARY OF CONGRESS CALL NUMBER
Classification number Z5073
Item number .U57 no. 24 1939
082 ## - DEWEY DECIMAL CLASSIFICATION NUMBER
Classification number 016.63 s
086 0# - GOVERNMENT DOCUMENT CLASSIFICATION NUMBER
Classification number A 17.8:no.24 ed.2
100 1# - MAIN ENTRY--PERSONAL NAME
Personal name Edwards, Everett Eugene,
Dates associated with a name 1900-
245 10 - TITLE STATEMENT
Title Selected references on the history of English agriculture.
Statement of responsibility, etc. By Everett E. Edwards ...
260 ## - PUBLICATION, DISTRIBUTION, ETC.
Place of publication, distribution, etc. Washington, D.C.
Date of publication, distribution, etc. [1939]
300 ## - PHYSICAL DESCRIPTION
Extent v, 105 p.
Dimensions 27 cm.
490 0# - SERIES STATEMENT
Series statement U.S. Dept. of Agriculture. Library. Bibliographical contributions
Volume/sequential designation no. 24. (Edition 2)
500 ## - GENERAL NOTE
General note Contribution from Bureau of Agricultural Economics.
650 #0 - SUBJECT ADDED ENTRY--TOPICAL TERM
Topical term or geographic name entry element Agriculture
Geographic subdivision Great Britain
General subdivision History
Form subdivision Bibliography.

No items available.

Powered by Koha